Loading...
Kurumulakinte veedu
| Hovedforfatter: | |
|---|---|
| Format: | Printed Book |
| Sprog: | Undetermined |
| Udgivet: |
Kottayam :
Green books ,
2018
|
| Fag: |
| LEADER | 00439nam a2200145Ia 4500 | ||
|---|---|---|---|
| 008 | 200324s9999 xx 000 0 und d | ||
| 082 | |a 8M3 |b RAH.K | ||
| 100 | |a Rahim,C | ||
| 245 | 0 | |a Kurumulakinte veedu | |
| 260 | |a Kottayam : |b Green books , |c 2018 | ||
| 300 | |a 216p. | ||
| 650 | |a novel malayalam | ||
| 942 | |c BK | ||
| 999 | |c 289786 |d 289786 | ||
| 952 | |0 0 |1 0 |4 0 |6 8M3_RAH_K |7 0 |9 308319 |a SDE |b SDE |d 2019-07-25 |l 0 |o 8M3 RAH.K |p SDE26307 |r 2020-03-27 |w 2020-03-27 |y BK | ||